[Event "Sigeman & Co 04th"]
[Site "Malmo"]
[Date "1996.??.??"]
[Round "2"]
[White "Kortschnoj, Viktor Lvovich"]
[Black "Bator, Robert"]
[Result "1-0"]
[WhiteElo "2645"]
[BlackElo "2435"]
[Annotator "Ftacnik,L"]
[PlyCount "37"]
[EventDate "1996.06.??"]
[EventType "tourn"]
[EventRounds "9"]
[EventCountry "SWE"]
[EventCategory "12"]
[SourceTitle "CBM 054"]
[Source "ChessBase"]
[SourceDate "1996.10.01"]
[SourceVersion "1"]
[SourceVersionDate "1996.10.01"]
[SourceQuality "1"]

1. c4 e6 2. Nc3 d5 3. d4 Bb4 4. a3 Bxc3+ 5. bxc3 c5 6. e3 Ne7 7. Nf3 Qc7 (7...
O-O 8. Bd3 Nbc6 9. O-O b6 10. Qc2 h6 11. Rd1 cxd4 12. cxd5 exd5 13. cxd4 Bg4
14. Bd2 Rc8 15. Qa4 Ng6 16. Be2 Nh4 17. Rdc1 Bxf3 18. Bxf3 Nxf3+ 19. gxf3 Qf6 {
Lerner,K-Serper,G/Moscow Alekhine op/1992/0-1 (73)}) (7... Nbc6 8. Qc2 b6 9.
cxd5 exd5 10. Bb5 O-O 11. O-O Bf5 12. Qd2 c4 13. Ba4 Rb8 14. Bd1 b5 15. Ne1 a5
16. Nc2 Qd6 17. f3 Qg6 {If black manages to prevent e3-e4 white will be in
trouble, as his bishops need breathing space.} 18. Re1 Bd3 19. Ra2 Rfe8 20. Rb2
f5 {Nadenau,O-Kahn,M/Baden Baden sen (06)/1993/0-1 (45)}) 8. cxd5 (8. Bd3 Nbc6
9. O-O dxc4 10. Bxc4 O-O 11. Ba2 e5 12. d5 Rd8 13. Ng5 Nf5 14. Qc2 h6 15. Nxf7
Qxf7 16. dxc6 c4 17. e4 Nd6 18. cxb7 Bxb7 19. f3 Bc6 20. Be3 {1-0 Milos,
G-Campos,J/Oviedo 25' (11)/1993/ (30)}) (8. Bb2 O-O 9. Rc1 dxc4 10. Bxc4 b6 11.
Qd3 Nd7 12. O-O Bb7 13. e4 e5 14. Rfe1 Ng6 15. Qd2 Rad8 16. d5 Nf6 17. Bf1 Bxd5
18. exd5 e4 19. c4 exf3 20. g3 Rfe8 21. Qc3 Rxe1 22. Rxe1 Re8 23. Rxe8+ Nxe8
24. Qxf3 {Kortschnoj,V-Winants,L/Antwerpen op (03)/1994/1-0 (52)}) 8... exd5 9.
a4 Bf5 (9... O-O $5 10. Be2 Bf5) 10. Bb5+ Nd7 (10... Nbc6 11. dxc5 O-O 12. O-O
Rac8 13. Nd4 $14) 11. dxc5 Qxc5 12. O-O a6 (12... Qxc3 13. Ba3 Bc2 14. Qe2 $14)
13. Ba3 Qxc3 14. Nd4 {Black is under great danger of a quick loss. His king is
still in the center and white pieces are becoming very active.} axb5 (14... Bg6
15. Bxd7+ Kxd7 16. Qg4+ $16) 15. Nxb5 $1 (15. Bxe7 Qd3 16. Bd6 $16) 15... Bc2 (
15... Qc6 16. Nd6+ Kf8 (16... Kd8 17. Nxf7+ Ke8 18. Nxh8 $18) 17. Nxf5 $18) 16.
Nxc3 Bxd1 17. Rfxd1 f6 {The defender would be still alive if only bishop a3
could disappear from the board.} (17... Nb6 18. Rab1 Nxa4 (18... Nec8 19. Bc5
$18) 19. Nxa4 Rxa4 20. Rxb7 Nc6 21. Bd6 $16) 18. Rdb1 Rc8 (18... b6 19. Bxe7
Kxe7 20. Nxd5+ $18) 19. Nb5 (19. Nb5 Kf8 20. Nd6 Rc7 21. Nf5 Nc5 22. Bxc5 Rxc5
23. Rxb7 Nxf5 24. Rb8+ Kf7 25. Rxh8 $18) 1-0

[Event "Sigeman & Co 04th"]
[Site "Malmo"]
[Date "1996.??.??"]
[Round "4"]
[White "Kortschnoj, Viktor Lvovich"]
[Black "Hector, Jonny"]
[Result "1-0"]
[WhiteElo "2645"]
[BlackElo "2520"]
[Annotator "Kortschnoj,V"]
[PlyCount "81"]
[EventDate "1996.06.??"]
[EventType "tourn"]
[EventRounds "9"]
[EventCountry "SWE"]
[EventCategory "12"]
[SourceTitle "CBM 054"]
[Source "ChessBase"]
[SourceDate "1996.10.01"]
[SourceVersion "1"]
[SourceVersionDate "1996.10.01"]
[SourceQuality "1"]

1. c4 {Bykhovsky,Av Ftacnik Baburin} e6 2. Nc3 d5 3. d4 Nf6 4. Bg5 c6 5. e3
Nbd7 6. a3 $5 Be7 7. Qc2 (7. Nf3 h6 8. Bh4 Ne4 9. Bxe7 Qxe7 10. Qc2 Nxc3 11.
Qxc3 $14) (7. Nf3 $14 {Bykhovsky,Av}) 7... e5 $1 {N/} (7... h6 8. Bh4 O-O 9.
Nf3 Re8 10. Bd3 dxc4 11. Bxc4 Nd5 12. Bg3 Nxc3 13. Qxc3 Nf6 14. Bd3 Bd7 15. O-O
Qb6 16. Rac1 Rec8 17. Ne5 c5 18. Nxd7 Nxd7 19. dxc5 Nxc5 20. Bb1 Bf6 21. Qc2
Bxb2 22. Qh7+ Kf8 23. Rcd1 {1-0 Rauzer,V-Rokhlin,Y/URS-ch06 Odessa sf2/1929/ 
(35)}) (7... O-O {Bykhovsky,Av} 8. Nf3 Re8 9. Rd1 Nf8 10. Bd3 dxc4 11. Bxc4 Nd5
$14) 8. dxe5 (8. cxd5 Nxd5 9. Bxe7 Nxe7 $10) (8. cxd5 exd4 9. dxc6 dxc3 10.
cxd7+ Bxd7 11. Qxc3 Rc8 $44) 8... Nxe5 9. Bxf6 Bxf6 10. cxd5 cxd5 11. Bb5+ Nc6
(11... Bd7 12. Bxd7+ Qxd7 13. Nge2 $14 (13. Rd1 Rc8 14. Qe2 Rc5 15. Ne4 $16) (
13. O-O-O $6 {Ftacnik} Rc8 14. Rxd5 $2 Qxd5 15. Nxd5 Nd3+ 16. Kd2 Rxc2+ 17.
Kxc2 Nxf2 $19)) 12. Rd1 a6 13. Ba4 (13. Rxd5 $2 {Ftacnik} Bxc3+) 13... Bg4 14.
Nge2 Bxe2 (14... Bxc3+ 15. Qxc3 Bxe2 (15... O-O 16. f3 $14 (16. Bxc6 {Ftacnik}
bxc6 17. Qxc6 Qa5+ 18. Rd2 Bxe2 19. Kxe2 $16)) 16. Qxg7 $16) 15. Nxe2 O-O 16.
O-O (16. Bxc6 {Ftacnik} Rc8 (16... bxc6 17. Qxc6 Qa5+ 18. Nc3 Rfc8 19. Qxd5
Bxc3+ 20. bxc3 Qxc3+ 21. Qd2 Qxa3 $15) 17. Rxd5 Qxd5 18. Qxh7+ Kxh7 19. Bxd5
Rc7 20. b3 $13) 16... Na5 (16... Rc8 $5 17. Qb1 Na5) (16... Rc8 $10 {Bykhovsky,
Av}) 17. Nf4 Rc8 18. Qe2 d4 {Baburin: Here this pawn advance is not an
agressive thrust, but an attempt to save the isolani, which however, failed in
the game} 19. Nh5 (19. exd4 $2 b5 20. Bc2 Qc7 21. Qd2 Qxc2 22. Qxa5 Qxb2 $10)
19... b5 20. Bc2 Re8 (20... Be5 {Ftacnik} 21. f4 $16) 21. Bf5 Rc5 (21... Rc7 $1
22. Qf3 (22. Bb1 g6 23. Nxf6+ Qxf6 24. Qd2 (24. Rxd4 $4 Qxd4) 24... Nc4 25.
Qxd4 Qxd4 26. Rxd4 Nxb2 27. Rd6 $14) 22... Nc4 23. Nxf6+ Qxf6 24. Rxd4 Nxb2 $10
) 22. Bxh7+ (22. Qd3 g6 23. Nxf6+ Qxf6 24. Bd7 $16) (22. Qf3 $5 {Bykhovsky,Av}
Nc4 23. b4 $16) 22... Kxh7 23. b4 Rc3 (23... Rxh5 $2 24. Qxh5+ Kg8 25. bxa5 $18
) 24. bxa5 Rxa3 (24... d3 25. Nxf6+ gxf6 26. Qh5+ Kg7 27. Qg4+ Kh8 28. Qb4 Qc7
29. Qd4 $16) (24... Be5 $5 {Ftacnik} 25. Qg4 g6 (25... d3 26. f4 Bf6 27. Qf5+
$16) 26. exd4 Bc7 27. Ng3 Rxa3 $132) 25. Nxf6+ Qxf6 26. Rxd4 Rxa5 {Baburin:
This position is very difficult for Black to save, as his king is very
vulnerable, while the passed pawns are not dangerous yet.} (26... Qxd4 $4 {
Ftacnik} 27. Qh5+ Kg8 28. exd4 $18) 27. Qd2 $14 (27. Rfd1 $5 $14) 27... Ra3 28.
Qc1 (28. Rc1 $14) 28... Qe7 (28... Ra5 {Ftacnik} 29. Rfd1 $16) 29. Rfd1 Kg8 30.
Rd7 (30. Qc6 $6 Rxe3 31. fxe3 Qxe3+ 32. Kf1 Qe2+ $10) (30. g3 $5) 30... Qb4 31.
Qc6 Qc3 (31... Qc4 32. Qxc4 bxc4 33. Rc7 Rc3 34. g3 $16) 32. Qd5 (32. Qf3 Qf6
$1 (32... Rf8 $2 33. Rxf7 Rxf7 34. Rd8+ $18) 33. Qxf6 gxf6 $14) 32... Rf8 (
32... Qf6 $5 33. g4 (33. Rd6 {Ftacnik} Qe5 34. Qxe5 Rxe5 35. Rd8+ Kh7 36. R8d7
Kg6 $13) 33... Ra1 34. Rxa1 Qxa1+ 35. Kg2 $14) 33. g4 g6 $6 (33... b4 {Ftacnik}
34. Kg2 b3 35. Rd3 Qc2 36. Rd8 g6 37. Qe5 $1 $18) (33... Ra1 $1 $14 34. Rxa1 {
Bykhovsky,Av} Qxa1+ 35. Kg2 $16) 34. Kg2 b4 $6 (34... Ra1) 35. Rd4 b3 36. Rf4
$16 Ra5 (36... Qg7 {Ftacnik} 37. Rb4 $16) 37. Qe4 Re5 (37... Qg7 38. Rb7 (38.
Qc6 {Ftacnik} b2 39. Rb4 $16) (38. Qb7 Rb5 39. Qxa6 Rbb8 40. Rb7 $16) 38... Rb5
39. Rxb5 axb5 40. Qb4 b2 41. Qxb5 Rc8 42. Rb4 $16) (37... b2 38. Rfxf7 $1 Rxf7
39. Qe8+ $18) (37... Rb5 38. Rdxf7 Rxf7 39. Qe8+ $18) (37... Qe5 38. Qxe5 Rxe5
39. Rb7 $16) 38. Qf3 f5 (38... Re6 39. Rfxf7 Rfe8 40. Rh7 Qf6 41. Qb7 $18) 39.
Qb7 $18 Re6 (39... Rb5 40. Qxa6 $18) 40. Rc4 (40. Rc7 Qb2 41. Qd5 Qf6 (41...
Qe5 42. Qd7) 42. Qxb3 $18) 40... Qxc4 (40... Qe5 41. Rcc7 $18) (40... Qf6 41.
Rcc7 $18) 41. Rg7+ (41. Rg7+ Kh8 42. Rh7+ Kg8 43. Qg7#) 1-0

[Event "Sigeman & Co 04th"]
[Site "Malmo"]
[Date "1996.??.??"]
[Round "5"]
[White "Hansen, Curt"]
[Black "Kortschnoj, Viktor Lvovich"]
[Result "0-1"]
[WhiteElo "2615"]
[BlackElo "2645"]
[Annotator "Dautov,R"]
[PlyCount "99"]
[EventDate "1996.06.??"]
[EventType "tourn"]
[EventRounds "9"]
[EventCountry "SWE"]
[EventCategory "12"]
[SourceTitle "CBM 054"]
[Source "ChessBase"]
[SourceDate "1996.10.01"]
[SourceVersion "1"]
[SourceVersionDate "1996.10.01"]
[SourceQuality "1"]

1. d4 Nf6 2. c4 e6 3. Nf3 b6 4. g3 Bb7 5. Bg2 Be7 6. Nc3 Ne4 7. Bd2 f5 8. d5
Na6 9. O-O O-O 10. Rc1 Bf6 11. a3 c6 $1 (11... exd5 12. cxd5 c5 13. dxc6 dxc6)
(11... Nac5 12. b4 Nxc3 13. Bxc3 Ne4 14. Bxf6 Qxf6) 12. dxe6 dxe6 13. Qc2 c5
14. Rfd1 Qe7 15. Ne1 (15. Nxe4 Bxe4 16. Qa4 Nb8 17. Bc3 Bxc3 18. Rxc3 Nc6 19.
Rcc1 {1/2-1/2 Heyken-Pliester/Groningen op 1988}) 15... Nxd2 {N} (15... Nd6 16.
Bf4 Nf7 17. Nb5 Rad8 18. Rb1 Bxg2 19. Nxg2 Nb8 20. Rxd8 Rxd8 21. Bxb8 Rxb8 22.
Rd1 a6 23. Nc3 b5 24. cxb5 axb5 25. a4 Bxc3 {1/2-1/2 Stangl,M-Levitt,J/
Augsburg 1988}) 16. Bxb7 (16. Qxd2 Rad8 17. Qe3 Bg5 $1 18. f4 Bf6 19. Bxb7 $2
Bd4 20. Rxd4 cxd4 21. Qf3 Nc5 $17) (16. Rxd2 $10) 16... Qxb7 17. Qxd2 Rad8 18.
Qe3 Qe7 19. Qf3 $6 (19. Nf3 Nb8 20. Ne5 Qc7 21. Nf3 Qe7 22. Ne5 $10) (19. Nd3
$5) 19... Nb8 20. Nd3 $2 Bxc3 $1 21. bxc3 (21. Rxc3 e5 22. e4 (22. b3 e4 23.
Qe3 Nc6 24. Nb2 Rxd1+ 25. Nxd1 Nd4 $17 {/\g5,f4}) 22... Nc6 (22... Rd4 23. exf5
e4 24. Re1 Nc6 25. Qg2 Rxf5 $15) 23. Qg2 (23. Qe3 f4 $17 (23... Rd4 $5 24. exf5
$2 e4 25. Re1 exd3 26. Qxe7 Nxe7 27. Rxe7 d2 $19)) 23... Nd4 24. Kh1 f4 $36)
21... e5 $17 22. e4 Nc6 23. Ne1 (23. Re1 f4 24. gxf4 exf4 25. e5 Qe6 26. Re4 g5
$17) (23. Qe3 Qf7 24. exf5 Qxf5 $17) 23... fxe4 24. Qxe4 Qf7 25. Qe2 (25. Nd3
Qf3 26. Qxf3 Rxf3 27. Nb2 Rxd1+ 28. Nxd1 Rd3 $17) 25... Rxd1 26. Rxd1 Na5 27.
Ng2 Nxc4 28. Ne3 Nxa3 $19 29. c4 {/\Qa2} b5 30. Rd5 (30. cxb5 Nxb5 $19) 30...
Nxc4 31. Rxc5 Nxe3 32. Qxe3 a6 33. Rxe5 Qf3 34. Qb6 h6 35. Re7 Qd1+ 36. Kg2
Qd5+ 37. Kg1 Rc8 38. Re1 Qc6 39. Qd4 Qb7 40. h4 b4 41. Kh2 b3 42. Re2 Rc1 43.
Qd8+ Kh7 44. Qd3+ g6 45. f3 b2 46. h5 b1=Q 47. hxg6+ Kg7 48. Qd4+ Kxg6 49. Qd6+
Kf7 50. Kh3 0-1

[Event "Sigeman & Co 04th"]
[Site "Malmo"]
[Date "1996.??.??"]
[Round "7"]
[White "Cramling, Pia"]
[Black "Kortschnoj, Viktor Lvovich"]
[Result "0-1"]
[WhiteElo "2525"]
[BlackElo "2645"]
[Annotator "Dautov,R"]
[PlyCount "98"]
[EventDate "1996.06.??"]
[EventType "tourn"]
[EventRounds "9"]
[EventCountry "SWE"]
[EventCategory "12"]
[SourceTitle "CBM 054"]
[Source "ChessBase"]
[SourceDate "1996.10.01"]
[SourceVersion "1"]
[SourceVersionDate "1996.10.01"]
[SourceQuality "1"]

1. d4 Nf6 2. c4 e6 3. Nf3 Bb4+ 4. Nbd2 b6 5. e3 O-O 6. Bd3 d5 7. O-O Ba6 8. Qc2
{N} (8. b3 c5 9. Bb2 cxd4 10. exd4 Nc6 11. Qe2 (11. Ne5 Nxe5 12. dxe5 Nd7 13.
Rc1 Nc5 14. Bb1 Bxd2 15. Qxd2 dxc4 $17 {Osmanovic-Drasko/Sarajevo 1981}) 11...
Rc8 12. Rfd1 Re8 13. Nf1 Qe7 14. Ne3 Bd6 15. a3 Bb8 16. Rac1 Red8 17. Ne5 $14 {
Ivkov-Korchnoi /Belgrade 1964}) (8. a3 Bxd2 (8... Bd6 $5) 9. Nxd2 c5 10. dxc5
bxc5 11. b4 Nbd7 12. Bb2 Qe7 13. b5 Bb7 14. Qc2 h6 15. a4 $14 {Dreev,A-Piket,J
(03)/Monaco m ;CBM 53 1996}) 8... c5 9. dxc5 (9. a3 Bxd2 10. Bxd2 cxd4 11. Nxd4
e5 12. Nb3 Nc6 $10) 9... Bxc5 (9... bxc5 $6 10. e4 $36) 10. a3 (10. e4 Nc6 11.
a3 dxc4 12. Nxc4 Nd4 13. Nxd4 Bxd4 $10) 10... Nbd7 11. b4 Bd6 12. Bb2 Rc8 13.
Qb3 Bb7 $10 14. Rac1 Ne4 $1 15. cxd5 Nxd2 16. Nxd2 Bxd5 17. Bc4 (17. Rxc8 $2
Qh4 18. Rxf8+ Nxf8 19. g3 Qh3 $17) 17... Qg5 $6 (17... Bxh2+ 18. Kxh2 Qh4+ 19.
Kg1 Bxg2 20. Kxg2 Qg4+ $10) 18. Bxd5 Qxd5 19. Qxd5 exd5 20. Nf3 (20. Nb3 {>=}
Be5 (20... Ne5 21. Rfd1 Nc4 22. Rxd5 Bxh2+ 23. Kxh2 Nxb2 24. Rxc8 Rxc8 25. Rd7
$14) 21. Bxe5 Nxe5 22. Rfd1 Nc4 23. Rxd5 Nxa3 24. Rxc8 Rxc8 25. g3 $14 {/\Nd4})
20... a5 $10 21. bxa5 (21. Rcd1 axb4 22. Rxd5 bxa3 23. Rxd6 axb2 24. Rxd7 Rc1
25. Nd2 Rfc8 26. Rb7 g6 27. Rxb6 R8c2 $10) 21... bxa5 22. a4 $2 {><a4} (22. Nd4
$142) 22... f6 23. Nd4 Nb6 24. Bc3 Ba3 25. Rc2 Bc5 26. Bxa5 $2 {Danach landet
Weiß in einem unangenehmen Endspiel T+L gegen T+S.} (26. Rfc1 Bxd4 (26... Ba3
27. Rb1 Nxa4 28. Bxa5 $10) 27. Bxd4 Rxc2 28. Rxc2 Nxa4 29. Rc7 $10) 26... Bxd4
27. Rxc8 Rxc8 28. exd4 Nxa4 $15 29. Rd1 (29. Bd2 {>=} Rc2 30. Be3 h5 $15) 29...
Nb2 30. Rb1 Rc2 31. Kf1 (31. g4 Nd3 32. f3 Nf4 $15) 31... h5 {Der weiße B ist
schlecht, Schwarz hat leichtes Spiel auf den weißen Feldern.} 32. Bc3 Nc4 33.
Bb4 Kf7 34. Ke1 Nb2 35. Kf1 Ke6 36. Re1+ Kf5 $17 {Während Weiß planlos hin und
her zieht, verbessert Schwarz konsequent seine Stellung.} 37. Re3 Rc4 38. Bf8 (
38. Rb3 Na4 39. Bf8 g6 40. Rb4 Rxb4 41. Bxb4 Ke4 42. Be7 f5 43. Bf6 Nc3 $17)
38... Rc1+ 39. Re1 Rc8 $1 40. Bd6 (40. Bxg7 Kg6 41. Re7 Rg8 $19) (40. Bc5 $1
Nd3 41. Ra1 Nxc5 42. dxc5 Rxc5 43. Ra2 $17 {/\Ke2 Der Übergang in dieses
Endspiel war wohl die beste Chance für Weiß.}) 40... Rc4 41. Re7 $2 (41. Bc5
$142) 41... g5 42. Bc5 Nd3 $19 43. Rd7 Nf4 44. f3 Rc1+ 45. Kf2 Rc2+ 46. Kf1
Nxg2 47. Rxd5+ Kf4 48. Bd6+ Kxf3 49. Rf5+ Ke4 (49... Ke4 50. Rxf6 Ne3+ 51. Kg1
(51. Ke1 Kd3 $19) 51... Rc1+ 52. Kf2 Rf1+ $19) 0-1

[Event "Sigeman & Co 04th"]
[Site "Malmo"]
[Date "1996.??.??"]
[Round "8"]
[White "Ziegler, Ari"]
[Black "Kortschnoj, Viktor Lvovich"]
[Result "0-1"]
[WhiteElo "2440"]
[BlackElo "2645"]
[Annotator "Kortschnoj,V"]
[PlyCount "136"]
[EventDate "1996.06.??"]
[EventType "tourn"]
[EventRounds "9"]
[EventCountry "SWE"]
[EventCategory "12"]
[SourceTitle "CBM 054"]
[Source "ChessBase"]
[SourceDate "1996.10.01"]
[SourceVersion "1"]
[SourceVersionDate "1996.10.01"]
[SourceQuality "1"]

1. d4 Nf6 2. c4 e6 3. Nc3 Bb4 4. Qc2 O-O 5. a3 Bxc3+ 6. Qxc3 Ne4 7. Qc2 f5 8.
e3 (8. Nh3 $5) 8... b6 9. Nh3 $5 Bb7 10. f3 (10. Bd3 $2 Nc5 11. dxc5 Bxg2 12.
Rg1 Bxh3 $15) 10... Qh4+ (10... Ng5 11. Nf4 $14) 11. g3 Qe7 12. Bd3 (12. Bg2 $5
) 12... Ng5 13. Nxg5 Qxg5 14. O-O Qh5 $10 15. e4 fxe4 (15... Nc6 16. Be3 $14)
16. Bxe4 Bxe4 17. Qxe4 Nc6 18. Bf4 Rac8 $2 (18... Qf5 19. d5 (19. Bxc7 Qxe4 20.
fxe4 Rfc8 $15) (19. Rae1 Qxe4 20. Rxe4 d5 21. Rxe6 Nxd4 22. Re7 dxc4 23. Bxc7
Rae8 $10) 19... e5 20. dxc6 (20. Be3 Ne7 $10) 20... exf4 $10) 19. Rae1 Qf5 20.
d5 $1 $14 Nd8 21. Kg2 h6 $6 (21... c6 22. d6 c5 $14) 22. Rf2 Qxe4 23. Rxe4 Kf7
$2 (23... c6 $1) 24. Rfe2 Re8 25. Bd2 Nb7 26. Rf4+ $1 $16 Kg8 27. Rg4 h5 $6 (
27... exd5 28. Rxe8+ Rxe8 29. Bxh6 Kh7 30. Bxg7 Rg8 31. Bc3 Rxg4 32. fxg4 dxc4
33. h4 $16) (27... Kh7 28. Bc3 Re7 29. dxe6 dxe6 30. Rxe6 $16) (27... Kh7 28.
Bc3 g6 29. Rf4 $16) 28. Rg5 exd5 29. Rxe8+ Rxe8 30. Bc3 d4 31. Bxd4 Re7 32.
Rxh5 Na5 33. Rxa5 $4 (33. c5 Nb3 34. cxb6 (34. Re5 $1 $16) 34... Nxd4 35. bxa7
Re8 36. Rd5 Nc6 37. Rxd7 Nxa7 38. Rxc7 Nb5 $16) 33... bxa5 34. Kf2 Re6 $1 35.
h4 (35. Bxa7 Rc6 36. c5 a4 $17) 35... g6 36. g4 a4 37. c5 Kf7 38. Kg3 (38. Be3
Rc6 39. Bd4 Ke6 40. Ke3 Kd5 $17) 38... Re1 39. Kf4 Rd1 40. Ke4 Rh1 41. c6 (41.
Bf2 Rh2 42. Ke3 Ke6 43. Ke2 Kd5 44. Kf1 Rh1+ $19) 41... dxc6 42. Bxa7 Rxh4 43.
Bd4 Ke6 44. Kf4 Rh3 45. Bc3 c5 46. Kg5 Kf7 (46... Rxf3 47. Kxg6 Rg3 48. g5 Rg2
49. Bf6 $10) 47. f4 (47. Kf4 $142) 47... Rf3 48. f5 (48. Be5 $142 c6 49. Bc3
Rd3 50. Be5 Rd5 51. Kh6 c4 52. Bc3 c5 53. Be5 Rd4 54. Kg5 c3 55. bxc3 Rd1 56.
f5 Ra1 $17) 48... gxf5 49. gxf5 c4 50. Kg4 Rf1 51. Kg5 c5 52. Kg4 Ke7 53. Kg5
Rg1+ 54. Kf4 (54. Kh6 Kd6 55. Kh5 Kd5 56. Kh6 Rg2 $1 57. Kh5 Ke4 58. f6 Kf5 59.
Kh4 Ke6 60. Kh5 Kf7 61. Kh4 Rg6 $19) 54... Kd6 55. Ke4 Rg4+ 56. Kf3 Rh4 57. Kg3
Rd4 $17 58. Kf3 Kd5 59. Ke3 Rd1 60. f6 Rf1 61. Ke2 Rf4 62. Ke3 Rf5 63. Kd2 Ke4
64. Ke2 Rf4 65. Kd2 Rf2+ 66. Ke1 Ke3 67. Be5 Rf5 68. Bc3 Kd3 0-1

[Event "Muenster Masters op"]
[Site "Muenster"]
[Date "1996.??.??"]
[Round "5"]
[White "Kortschnoj, Viktor Lvovich"]
[Black "Espig, Lutz"]
[Result "1-0"]
[WhiteElo "2635"]
[BlackElo "2395"]
[PlyCount "77"]
[EventDate "1996.10.14"]
[EventType "swiss"]
[EventRounds "9"]
[EventCountry "GER"]
[SourceTitle "CBM 055 Extra"]
[Source "ChessBase"]
[SourceDate "1997.01.01"]
[SourceVersion "1"]
[SourceVersionDate "1997.01.01"]
[SourceQuality "1"]

1. d4 Nf6 2. c4 d6 3. Nc3 Nbd7 4. e4 e5 5. Nge2 Be7 6. f3 c6 7. d5 a6 8. Be3
O-O 9. Qd2 cxd5 10. cxd5 b5 11. Ng3 Nb6 12. b3 h5 13. Bd3 h4 14. Nge2 Nfd7 15.
b4 Bb7 16. a4 bxa4 17. O-O a5 18. b5 Nc5 19. Bxc5 dxc5 20. Nxa4 c4 21. Bc2 Bb4
22. Qe3 Nxa4 23. Bxa4 Qd6 24. Kh1 f5 25. exf5 Qxd5 26. Rad1 Qc5 27. Qg5 Bc8 28.
Bc2 Qe7 29. Qg4 Qf7 30. Qxh4 Rb8 31. f6 gxf6 32. f4 e4 33. Bxe4 Rxb5 34. Rd4
Rh5 35. Qg3+ Qg7 36. Bg6 Rc5 37. f5 Qc7 38. Qh3 Rd8 39. Rxd8+ 1-0